Hrozí Slovensku deflácia
Výpočet prognózy očakávaného vývoja inflácie na Slovensku pre najbližšie obdobie (12 mesiacov) s podporou vhodného štatistického inštrumentária. Prognóza priemernej ročnej miery inflácie na Slovensku (vyjadrená prírastkom priemerného harmonizovaného indexu spotrebiteľských cien za posledných 12 mesi...
Saved in:
| Main Author: | |
|---|---|
| Other Authors: | |
| Format: | Book Chapter |
| Language: | Slovak |
| Subjects: | |
| Tags: |
No Tags, Be the first to tag this record!
|
MARC
| LEADER | 00000nla a2200000 4500 | ||
|---|---|---|---|
| 001 | 0195114 | ||
| 005 | 20240417075052.0 | ||
| 041 | 0 | |a slo | |
| 044 | |a SK | ||
| 245 | 1 | 0 | |a Hrozí Slovensku deflácia |c Peter Obtulovič, Zuzana Poláková |
| 520 | |a Výpočet prognózy očakávaného vývoja inflácie na Slovensku pre najbližšie obdobie (12 mesiacov) s podporou vhodného štatistického inštrumentária. Prognóza priemernej ročnej miery inflácie na Slovensku (vyjadrená prírastkom priemerného harmonizovaného indexu spotrebiteľských cien za posledných 12 mesiacov oproti priemeru predchádzajúcich 12 mesiacov HICP – MV12R) nepotvrdila pokles tohto ukazovateľa do záporných hodnôt. Medziročná miera inflácie meraná harmonizovaným indexom spotrebiteľských cien (HCIP – MANR) dosiahne záporné hodnoty - defláciu na základe vypočítanej prognózy pre Slovensko okrem februára (potvrdená SŠÚ) aj v horizonte od marca 2014 (-0,11 %) až do septembra 2014 (-0,05 %). | ||
| 610 | 2 | 0 | |a inflácia |
| 610 | 2 | 0 | |a deflácia |
| 610 | 2 | 0 | |a Slovensko |
| 610 | 2 | 0 | |a prognózy |
| 100 | 1 | |a Obtulovič, Peter | |
| 700 | 1 | |a Poláková, Zuzana | |